A catalogue of yearly clearing of timber comprising 565 clean oak trees standing on the Cobham Hall Estate...tenders to be sent to the auctioneers on or before the 12th day of November 1935 (Record no. 116524)

MARC details
000 -LEADER
fixed length control field 00685ctm a22001935a 4500
001 - CONTROL NUMBER
control field L140906
008 - FIXED-LENGTH DATA ELEMENTS--GENERAL INFORMATION
fixed length control field 071017s1935 xxk eng u
035 ## - SYSTEM CONTROL NUMBER
System control number (Sirsi) u140906
041 0# - LANGUAGE CODE
Language code of text/sound track or separate title eng
110 2# - MAIN ENTRY--CORPORATE NAME
Corporate name or jurisdiction name as entry element Knight Frank and Rutley
9 (RLIN) 1990
245 02 - TITLE STATEMENT
Title A catalogue of yearly clearing of timber comprising 565 clean oak trees standing on the Cobham Hall Estate...tenders to be sent to the auctioneers on or before the 12th day of November 1935
260 ## - PUBLICATION, DISTRIBUTION, ETC.
Date of publication, distribution, etc. [1935]
300 ## - PHYSICAL DESCRIPTION
Extent 3 leaves
Dimensions 33 x 20 cm.
340 ## - PHYSICAL MEDIUM
Material base and configuration Typewritten
351 ## - ORGANIZATION AND ARRANGEMENT OF MATERIALS
Hierarchical level Single item
651 4# - SUBJECT ADDED ENTRY--GEOGRAPHIC NAME
Geographic name Kent
690 ## - LOCAL SUBJECT ADDED ENTRY--TOPICAL TERM (OCLC, RLIN)
Topical term or geographic name as entry element PROPERTY-PROPERTY ACQUISITION AND DISPOSAL-ACQUISITION AND DISPOSAL AT AUCTION
942 ## - ADDED ENTRY ELEMENTS (KOHA)
Suppress in OPAC 0
Holdings
Withdrawn status Lost status Source of classification or shelving scheme Damaged status Not for loan Home library Current library Shelving location Date acquired Total Checkouts Full call number Barcode Date last seen Copy number Price effective from Koha item type
    Dewey Decimal Classification     London London Basement 17/10/2007   BASEMENT BOX 2 30013207 06/08/2019 1 06/08/2019 Archive